|
|
|
|
| LEADER |
00000nab a2200000 a 4500 |
| 001 |
vtls000837520 |
| 003 |
SK-MaSNL |
| 005 |
20260304103816.0 |
| 008 |
250429c2003 xo 0 slo |
| 015 |
|
|
|a SNBRB2003/06-17693
|
| 035 |
|
|
|a CLN000189175
|
| 035 |
|
|
|a urn:nbn:sk:snk-abermt
|
| 035 |
|
|
|a (urnnbn)urn:nbn:sk:snk:ar-000beh
|
| 035 |
|
|
|a (uuid)9e31b1f5-2caf-471d-bb6c-ce744e2e66f3
|
| 040 |
|
|
|a SNKBUCL
|b slo
|c SNKBUCL
|e AACR2
|
| 041 |
0 |
|
|a slo
|
| 044 |
|
|
|a xo
|c SK
|
| 080 |
|
|
|a 885.4-3
|2 1997
|
| 100 |
1 |
|
|a Gonda, Milan,
|d 1954-
|4 aut
|9 104767
|
| 245 |
1 |
0 |
|a [Poviedky]
|c Milan Gonda
|
| 505 |
1 |
|
|a Tajné praktiky -- Holička to o mne vie -- Kar -- Hniezdo
|
| 650 |
0 |
7 |
|a spoločenské poviedky, slovenské
|2 snkbucl
|9 28976
|
| 655 |
|
7 |
|a články z novín a časopisov
|2 snkbucl
|9 267496
|
| 655 |
|
7 |
|a články z odboru literárna veda a krásna literatúra
|2 snkbucl
|9 770045
|
| 773 |
0 |
|
|t Slovenské pohľady
|g Roč. 4+119, č. 6 (2003), s. 22-26
|x 1335-7786
|
| 850 |
|
|
|a Slovenská národná knižnica
|
| 852 |
|
|
|a Slovenská národná knižnica
|
| 958 |
|
|
|a article27
|
| 958 |
|
|
|a LX
|
| 958 |
|
|
|a OND
|
| 958 |
|
|
|a EUIPO
|
| 992 |
|
|
|a RBX
|
| 999 |
|
|
|c 2849865
|d 2851795
|